000
00490nam a2200145Ia 4500
008
100204s9999 xx 000 0 und d
082
_b
18639
100
_a
काळे किशोर शांताबाई
245
_a
मी डॉक्टर झालो
260
_b
"आपलं प्रकाशन, मुंबई"
_c
1995
300
_a
120
630
_a
मी डॉक्टर झालो
730
_a
मी डॉक्टर झालो
942
_c
BOOK
999
_c
463062
_d
463059